000 00867nam a2200253Ia 4500
003 OSt
005 20220926034735.0
006 a|||||r|||| 00| 0
007 ta
008 220923b |||||||| |||| 00| 0 eng d
020 _a9781405187756
_c2327.52
037 _b36991, 08/03/2013, Segment Book Distrobutors
_cGeneral Book
040 _aRTL
_cRTL
_beng
041 _2eng
_aeng
082 _aY7, Q0
100 _aLaunay Robert
_918033
245 0 _aFoundations of anthropological theory
_b From classical antiquity to early modern Europe.
260 _aWest Sussex
_bWiley Blackwell
_c2010
300 _axii, 296p
_ccm.
490 _aBlackwell anthologies in social and cultural anthropology
650 _aSociology
942 _hY7, Q0
_cGB
_2CC
999 _c660279
_d660279